[Event "email B-105 FIGCS (Sternik,R)"]
[Site "?"]
[Date "2008.??.??"]
[Round "?"]
[White "Sternik, Ryszard POL"]
[Black "Block, Benjamin USA"]
[Result "1-0"]
[WhiteElo "1778"]
[BlackElo "1851"]
[Annotator ",L"]
[PlyCount "43"]
[EventDate "1965.??.??"]

1. Nf3 c5 2. d4 cxd4 3. Nxd4 Nf6 4. g3 e5 5. Nb3 Bb4+ 6. c3 Be7 7. Bg2 O-O 8.
Bg5 a5 9. c4 a4 10. N3d2 Nc6 {slabe} (10... d5 11. Bxf6 Bxf6 12. Bxd5 Nc6 (
12... e4 13. Nc3 e3 14. fxe3 Bxc3 15. bxc3 Qe7 16. O-O Qxe3+ 17. Rf2 $14 {0.57}
) 13. Nc3 a3 $11) 11. Nc3 Qa5 (11... d6 12. Nxa4 Bf5 13. Nc3 $16) 12. a3 d6 13.
O-O Be6 14. e3 e4 {Fritz 8 nie wykazuje, ze to blad, ale po tym posunieciu
czarne maja duze klopoty z obrona partii} (14... Nd7 15. Bxc6 Bxg5 16. Bxb7
Rab8 17. Bd5 Nc5 18. Bxe6 fxe6 19. Qg4 Be7 $14) 15. Bxf6 Bxf6 16. Ncxe4 ({
silniejsze} 16. Ndxe4 Bxc3 17. Nxc3 Bxc4 18. Re1 Ne5 19. Qd4 $14) 16... Be5 $2
(16... Bxb2 {Fritz 8 tez uwaza, ze to nie blad, ale zobaczmy dalej} 17. Ra2 Be5
18. f4 d5 19. cxd5 Bxd5 20. Rc2 Bxe4 21. Nxe4 Bc7 22. Nc5 $16 {
0.88 i juz przewaga}) 17. f4 Bxb2 18. Ra2 Bc3 19. Qc1 Bxd2 20. Rxd2 Rae8 $2 (
20... Ne7 21. Nxd6 Nf5 22. Nxb7 Qa7 23. Rd3 $16) (20... Rad8 21. Nxd6 Qc7 22.
c5 Na5 23. Rc2 $16) 21. Nxd6 Re7 22. f5 (22. f5 Bc8 23. c5 f6 24. Rfd1 Ne5 25.
Rb2 {i czarne uznaly, ze przegrana jest nieunikniona, wiec zlozyly bron.  Mam
wrazenie, ze partner korzystal z programu takiego jak i ja, ale jak wiadomo
nigdy nie mozna na slepo programowi uwierzyc.  Wyniki:  1.Wingo,M GER         
6  z 6  2-3. Faust,D GER, Sternik,R po  4}) 1-0

[Event "email TT-054 FIGCS (Sternik,R)"]
[Site "?"]
[Date "2008.??.??"]
[Round "?"]
[White "Sternik, Ryszard POL"]
[Black "Ponting, Andrew ENG"]
[Result "1/2-1/2"]
[WhiteElo "1853"]
[BlackElo "1800"]
[Annotator ",L"]
[PlyCount "67"]
[EventDate "1970.??.??"]

1. e4 Nf6 2. e5 Nd5 3. Nc3 e6 4. d4 (4. Nxd5 exd5 5. Qf3 c6 6. c4 Qe7 7. Qe3
dxc4 8. Bxc4 d5 9. exd6 Qxe3+ 10. fxe3 $1 Bxd6 11. Nf3 O-O 12. O-O Nd7 13. d4
Nb6 14. Bb3 Be6 15. Bxe6 fxe6 16. b3 Rae8 17. Bb2 Nd7 {
Treybal,K-Tartakower,S, Baden-Baden 1925 (remis-31)}) 4... d6 5. Nf3 dxe5 (5...
Nc6 6. Bb5 Be7 7. O-O O-O 8. a3 Bd7 9. Bd3 h6 10. Re1 dxe5 11. dxe5 Nxc3 12.
bxc3 Bc5 13. Bf4 Ne7 14. Qe2 Nf5 15. Red1 Qe8 16. Nd2 Bc6 17. Qg4 Kh8 18. Nb3
Bb6 19. Qh3 f6 {Wojska,M-Jahn,G, Halle 1982 (1:0-34)}) 6. Nxe5 Nd7 (6... Nxc3
7. bxc3 Nd7 8. Nf3 c5 9. Bd3 Qc7 10. O-O c4 11. Be2 Bd6 12. a4 b6 13. Ba3 Bxa3
14. Rxa3 Bb7 15. Qb1 Bxf3 16. Bxf3 Rc8 17. a5 O-O 18. axb6 axb6 19. Qb5 Nf6 20.
g3 Rfd8 21. Rb1 {remis - Baumgart,U-Karelin,P, email EM-M-A107 2000}) 7. Ne4
Be7 8. Bc4 O-O 9. O-O f5 ({lepsze} 9... N5b6 10. Bb3 c5 11. Be3 cxd4 12. Bxd4
Nxe5 13. Bxe5 Nd7 14. Bc3 $14 {0.47}) 10. Nxd7 Bxd7 11. Nc5 Bxc5 12. dxc5 Bc6
13. Re1 Qh4 14. Qd3 (14. b3 Rae8 15. Re5 f4 16. Bb2 f3 17. g3 Qg4 18. Qf1 Nf4
19. Kh1 $14) 14... Rf6 15. Re5 f4 16. g3 Qg4 (16... fxg3 17. hxg3 Qh3 18. Qf1
Qg4 19. Qe2 Qd4 20. c3 Qxc5 21. Bg5 $11) 17. Qe2 f3 18. Qe4 Nf4 19. Qxf4 Rxf4
20. Bxf4 Bd5 21. Rg5 Qxg5 22. Bxg5 Bxc4 23. Rd1 e5 {
roznobarwne Gonce mowia wszystko - wygranej nie bedzie} 24. Rd7 h6 25. Be7 Rc8
26. a4 Be6 27. c6 bxc6 28. Rd3 Bf5 29. Rxf3 Bxc2 30. a5 Rb8 31. b4 Re8 32. Bc5
a6 33. Re3 Kf7 34. f3 {Wyniki:  1.Tommasi,P  ITA   6  z 6   1800  2-3.Ponting,
A GBR 4,5      1800         Sternik,R           4,5      1853  Gralo tu 3-ch z
1497, 1525, 1600.} 1/2-1/2

[Event "email B-130 FICGS (Sternik,R)"]
[Site "?"]
[Date "2009.??.??"]
[Round "?"]
[White "Sternik, Ryszard POL"]
[Black "Deline, Ralph CAN"]
[Result "1-0"]
[WhiteElo "1840"]
[BlackElo "1871"]
[PlyCount "101"]
[EventDate "1972.??.??"]

1. e4 c5 2. Nc3 Nc6 3. Nf3 d6 4. d4 cxd4 5. Nxd4 e5 6. Nf3 (6. Nb3 Be7 7. Be2
Nf6 8. Be3 O-O 9. Qd2 Be6 10. O-O Rc8 $6 (10... d5 11. exd5 Nxd5 12. Nxd5 Qxd5
13. Qxd5 Bxd5 14. Rad1 Rad8 $11) 11. Kh1 a6 12. a4 $2 (12. Rad1 $1) 12... Nb4
13. Rac1 d5 14. exd5 Nfxd5 15. Bf3 Nxe3 16. Qxe3 $2 (16. fxe3 $17) 16... Bg5 {
0:1 - Balaszow,A-Poleszczuk,N, Minsk op it 1998}) 6... Be7 7. Bc4 Be6 8. Bb3 (
8. Nd5 Rc8 9. Qe2 ({silniejsze} 9. Qd3 $5) 9... h6 10. O-O $16 Qd7 11. Rd1 f5
12. exf5 Bxf5 13. Be3 g5 $2 (13... Nf6 14. Nxf6+ Bxf6 15. Bc5 Be7 16. c3 $16)
14. Bxa7 Nxa7 $2 (14... g4 15. Nb6 Qd8 16. Nxe5 Nxe5 17. Nxc8 Qxc8 18. Bd4 $16)
15. Nxe5 dxe5 16. Nb6 Nf6 17. Nxd7 Bxd7 18. Qxe5 Rc5 19. Qb8+ Rc8 20. Qxa7 Rxc4
21. Qxb7 Rf8 22. Rxd7 Nxd7 23. Qa8+ {
1:0 - Chlalfer,R-Wolters,G, corr A ch Niemcy 1993}) 8... h6 9. O-O Nf6 10. Re1
(10. Qe2 O-O 11. h3 Na5 12. Bd5 a6 13. b3 Rc8 14. Bb2 b5 15. Rfd1 Qb6 16. Nh4
b4 17. Na4 Qb5 18. c4 bxc3 19. Qxb5 axb5 20. Nxc3 b4 21. Ng6 Rfe8 22. Bxe6 fxe6
23. Nxe7+ Rxe7 $11 {Landa,K-Starosek,K, Rosja Cup op 1996 (remis-69)}) 10...
O-O 11. Nd5 {tu Fritz 8 pokazuje 0.63 +/=} Bxd5 12. Bxd5 Qc7 13. a3 Nxd5 (13...
Nb8 14. Ba2 Rc8 15. c3 Nbd7 16. Nh4 $16) 14. Qxd5 ({slabe} 14. exd5 Nb8 15. Be3
f5 16. Rc1 $14 {z minimalna przewaga}) 14... Nb8 15. Be3 Nd7 16. Nd2 ({albo} 
16. Qd3 Rac8 17. c3 Nc5 18. Qc2 Qd7 19. Rad1 Qg4 20. Bxc5 Rxc5 21. Qa4 $14 {
0.50}) 16... Rfd8 17. c4 a5 18. b3 (18. Nf1 Qc6 19. Ng3 Qxd5 20. cxd5 Bg5 21.
Nf5 Bxe3 22. Rxe3 $14 {0.57}) 18... Nc5 19. Rac1 Bg5 20. Bxg5 hxg5 21. Rc3 ({
slabsze} 21. Re3 Ne6 22. Nf3 b5 23. Qd2 $11) 21... Ne6 22. Qd3 Nf4 (22... Qc5
23. a4 Nf4 24. Qg3 Qd4 25. Nf1 $14 {0.57}) 23. Qg3 Qc5 24. a4 Qd4 25. Nf1 Re8
$6 (25... Nh5 26. Qe3 Nf4 27. Qxd4 exd4 28. Rc2 $14 {0.38}) 26. Rce3 $16 {0.78}
Ra6 27. Qg4 Rb6 28. Rb1 (28. Rg3 Qb2 29. Ree3 g6 30. Qd1 f6 $14) 28... Ne6 29.
Qf5 Nf4 30. Ng3 Ne6 31. Qf3 $16 {0.75} g6 32. Rd3 Qc5 33. Nf1 Qa3 {
tego posuniecia nie ma w Fritz 8} (33... Nf4 {to najlepsze} 34. Rd2 Qb4 35. Qd1
Nh5 36. Ne3 Nf6 37. Rd5 $16 {1.07}) 34. Ne3 Nf4 35. Nd5 Nxd5 36. Rxd5 Rc8 37.
Rdd1 Rcc6 38. Qd3 ({albo} 38. Qc3 Kg7 39. Qd3 g4 40. Qc2 $16 {0.75}) 38... Qa2
39. Rd2 Qa3 40. Kf1 $6 (40. Qc2 Qb4 41. Rdd1 Kg7 42. Qe2 Qa3 43. Qd3 $16 {
0.82 - nic nie wynika z tej przewagi - krecimy sie w kolko. Przy szachownicy z
zegarami mozna cos zaryzykowac, tu przy pomocy programow nie darady}) 40... Rb4
41. Qc2 b5 42. axb5 Rxb5 43. Qd1 Rb4 $5 $11 {i gdzies ulotnila sie przewaga.
Moze po parogodzinnym namysle cos by sie znalazlo...} 44. Rd3 (44. Rxd6 $5 Rxd6
45. Qxd6 Qa2 46. Rc1 Qxb3 47. Qxe5 Qd3+ $11) 44... a4 45. Ra1 (45. Rxd6 Rxd6
46. Qxd6 axb3 47. Qxe5 Rxc4 48. Qb8+ Kg7 49. Qxb3 Rc1+ 50. Ke2 Qa6+ $11) 45...
Qb2 46. bxa4 Rcxc4 47. Rd2 Qc3 48. Rxd6 Kg7 $6 (48... Qc2 49. Qxc2 Rxc2 50. Rf6
Rbb2 51. g4 Kg7 52. Rf3 $11) 49. a5 Rb2 50. Rd7 (50. a6 Rxe4 51. Rd3 Qc5 52.
Rd2 Rxd2 53. Qxd2 Qb5+ $11) 50... Rc6 51. Kg1 {i niestety musialem sie zgodzic
na zaproponowany remis.  Wynik grupy B-130:  1.Sternik    5,5  2.Deline     5,
5   3.Zimmermann 4} 1-0

[Event "email op-15-004 MAPEJK (Sternik,R)"]
[Site "?"]
[Date "2007.??.??"]
[Round "?"]
[White "Sternik, Ryszard POL"]
[Black "Kubikova, Hana CZE"]
[Result "1-0"]
[WhiteElo "1800"]
[BlackElo "2182"]
[PlyCount "77"]
[EventDate "1974.??.??"]

1. e4 c5 2. Nf3 Nf6 3. e5 Nd5 4. Nc3 Nxc3 5. dxc3 Nc6 6. Bf4 e6 {
Fritz 8 pokazuje jako blad} (6... d5 7. exd6 exd6 8. Bc4 Be7 9. Qd2 O-O 10.
O-O-O Qb6 11. Rhe1 Na5 12. Bd5 Be6 13. Bg5 Bxg5 14. Nxg5 Bg4 15. f3 Bh5 16. g4
Bg6 17. f4 h6 18. f5 Bh7 19. Ne4 Qd8 20. Nxd6 Qg5 21. Qxg5 hxg5 22. Ne4 g6 23.
f6 Rae8 24. Nxg5 Rxe1 25. Rxe1 Nc6 26. Nxf7 a6 27. Ne5+ Kh8 28. Nd7 {
1:0 - Pons Robert,JM-Bravo Gonzalez,R, corr 2 Cup Hiszpania 1987}) 7. h4 Qc7 {
Fritz 8 pokazuje znowu jako blad} (7... Be7 8. Qd2 f6 9. exf6 Bxf6 10. Bd6 b6
11. Ng5 Ne7 12. Bd3 Bb7 13. Nxh7 Nf5 14. Bxf5 exf5 15. Nxf6+ Qxf6 16. O-O-O
O-O-O 17. f3 Bc6 18. Kb1 Rde8 19. Bg3 Qh6 20. Bf4 Qg6 21. Qd3 Kb7 22. b4 cxb4
23. cxb4 a6 24. g4 Qf7 25. g5 Bb5 26. g6 Qe7 {
Polgar,Sofia-Livshits,S, Israel League 2000 (1:0-35)}) (7... f6 8. exf6 Qxf6 9.
Qd2 d5 10. O-O-O Be7 11. Bg5 Qf7 12. Bxe7 Qxe7 13. h5 $16) 8. Qd2 {
tutaj Fritz 8 pokazuje duza przewage bialych!} h6 (8... b6 9. O-O-O Bb7 10. Ng5
h6 11. Nxf7 Kxf7 12. Qxd7+ Qxd7 13. Rxd7+ Be7 14. Rxb7 Rab8 15. Rxb8 Rxb8 16.
Bd3 Rd8 17. Be4 Nb8 18. h5 Rd7 19. Be3 Rc7 20. c4 Nd7 21. f4 Nf8 22. g4 Nd7 23.
c3 Rc8 24. Kc2 Rc7 25. Rd1 Nf8 {
Zakurdiajewa,Irina-Bogdanovic,G, 1st IM-Turnier 2003 (1:0-38)}) 9. O-O-O (9.
Rd1 b6 10. Qe3 Bb7 11. Nd2 Ne7 12. Ne4 Nf5 13. Qe2 Qc6 14. Nd6+ Bxd6 15. exd6
h5 16. f3 O-O-O 17. Qd2 e5 18. Bh2 e4 19. Qf4 exf3 20. Bd3 Ne3 21. Qxe3 fxg2
22. Rg1 Rde8 23. Be5 f6 24. Kd2 Rxe5 25. Qg3 Qf3 26. Qxf3 Bxf3 27. Rde1 Rhe8
28. Rxe5 Rxe5 {0:1 - Asmundsson,I-Murey,J, Europa Senior 2002}) 9... b6 10. Kb1
(10. h5 Bb7 11. Kb1 O-O-O 12. Be2 Ne7 13. g4 g5 14. Bg3 Bg7 15. Rhe1 Nd5 16. c4
Nf4 17. Bxf4 gxf4 18. Qxf4 f6 19. Bd3 Rdf8 20. Qg3 Bxf3 21. Qxf3 fxe5 22. Qa8+
Qb8 23. Qe4 Bf6 24. a4 Bg5 25. Qe2 d6 26. Be4 Qc7 27. Bd3 Kd7 28. Rf1 Ke7 {
remis - Zubow,A-Styrenkow,W, Aluszta Automne III 2004}) 10... Bb7 11. Bb5 $6 ({
silniejsze} 11. Be2 a6 12. Rhe1 b5 $14 {ale ciekawa by byla, ruchoma falanga
czarnych pionow, ruszajaca do ataku na Krola}) (11. h5 a6 12. c4 b5 13. cxb5
axb5 14. Bxb5 Ba6 15. Bxa6 Rxa6 16. Rhe1 $14) 11... Be7 $6 (11... a6 12. Be2 b5
13. Rhe1 $14) 12. Rh3 (12. h5 {program, jak to program, pokazuje swoja idee,
ale kazdy z nas ma swoja koncepcje, i byloby w zasadzie bledem "sluchac"
programu} a6 13. Be2 b5 14. Rh3 Bf8 15. Rg3 Ne7 $14 {
0.50 z mala przewaga bialych}) 12... O-O-O 13. h5 $16 {
0.94 jestem zaskoczony, ze mam przewage, partnerka ma 2182!} Rhg8 14. g4 Na5 (
14... a6 15. Bf1 Kb8 16. Bg2 $16) 15. g5 c4 16. b4 a6 (16... cxb3 17. cxb3 Be4+
18. Bd3 $16 {0.94 i biale stoja zdecydowanie lepiej}) 17. gxh6 (17. bxa5 axb5
18. gxh6 gxh6 19. axb6 Qxb6 20. Bxh6 $16) 17... gxh6 18. Bxa6 $6 (18. bxa5 axb5
19. axb6 Qxb6 20. Bxh6 $16) 18... Bxa6 19. bxa5 bxa5 20. Ka1 Bb7 21. Nd4 (21.
Rb1 {
wygladalo lepiej, ostatecznie otwarta linia dawala tu wiecej mozliwosci, np.:}
d6 22. exd6 Bxd6 23. Bxd6 Rxd6 24. Qxh6 Rb6 25. Rxb6 Qxb6 26. Qh7 $14) 21...
Rg2 {dla mnie wyglada na slabe posuniecie} (21... d6 {
posuniecie pionem nie daje wyrownania} 22. Nb5 dxe5 23. Nxc7 Rxd2 24. Bxd2 Kxc7
$16 {z jasna przewaga}) (21... Qc5 {chyba najlepsze} 22. Rb1 Rg2 23. Qe2 Rdg8
24. Bxh6 Rg1 25. Bc1 $16 {1.25}) 22. Rg3 Rxg3 (22... Rh2 23. Qe2 Rh4 24. Bxh6
$16) 23. Bxg3 Bf8 (23... a4 24. Qxh6 Qa5 25. Qe3 a3 26. Ne2 Rh8 27. h6 $16 {
tez z przewaga bialych}) 24. Rb1 Re8 $6 (24... a4 25. Nb5 Qc5 26. f3 Qd5 27.
Qf4 Bc6 28. Nd4 $16) 25. Nb5 Qc5 26. Bf4 Qd5 27. Bxh6 Qxd2 28. Bxd2 {wymiana He
tmanow nie pomaga zmniejszeniu nacisku. Czarna Wieza poza gra, czarny Goniec
f8 za duzo przestrzeni nie ma, a Bb7 nie ma celow dla ataku} Be4 29. Rg1 {
reszta nie wymaga komentarzy} d5 30. exd6 Kd7 31. Rg4 Rb8 32. a4 Bd5 33. Bf4
Bf3 34. Rh4 Bc6 35. h6 Bxb5 36. axb5 Bxd6 37. Be3 f5 38. Ka2 f4 39. Bxf4 {
Pierwsza porazka Czeszki po 8-miu zwyciestwach.  Stan tabeli niedokonczonego
turnieju:  1.Sternik,R      11,5 z 14 (+10   =3   -1)  2.Kubikova H   10    z
11  3.Sabbatini,G     9    z 13     2082  4.Kahl,KH           7    z 10    
1800  5.Heyn,W           6,5 z 10      2049  Clarizza,G    mial 4,5  z 8  Pech,
J 2090 mial 5,5  z 9 i musialby wszystkie zalegle wygrac, by nie dogonic  
wyglada, na to ze mam zagwarantowane 2-gie miejsce. Nikt mnie nie dogoni.} 1-0

[Event "email B-116 FICGS (Sternik,R)"]
[Site "?"]
[Date "2009.??.??"]
[Round "?"]
[White "Sternik, Ryszard POL"]
[Black "Zaunercik, Ilmar LVA"]
[Result "1-0"]
[WhiteElo "1817"]
[BlackElo "1800"]
[PlyCount "39"]
[EventDate "1999.??.??"]

1. e4 e5 2. Nf3 Nc6 3. d4 exd4 4. Bc4 Nf6 5. e5 d5 6. Bb5 Ne4 7. Nxd4 Bd7 8.
Bxc6 Bxc6 9. O-O Bd7 (9... Bc5 10. f3 Ng5 11. f4 Ne4 12. Be3 Bd7 13. Nd2 Nxd2
14. Qxd2 Qe7 15. Rae1 O-O-O 16. c3 h5 17. b4 Bb6 18. a4 Kb8 19. a5 Bxd4 20.
Qxd4 b6 21. axb6 axb6 22. Qxd5 Bc8 23. Qb5 Bb7 24. c4 Rh6 25. c5 Rg6 26. Rf2
Qh4 27. Qe2 b5 28. Rd1 Rxd1+ 29. Qxd1 Bc6 {
remis - Socha,A-Szczepkowska,K, Polska ch U-20 2003}) 10. Re1 (10. c4 c5 11.
Nf3 Bc6 12. cxd5 Qxd5 13. Qxd5 Bxd5 14. Bf4 Be7 15. Nbd2 Nxd2 16. Nxd2 Rd8 17.
b3 O-O 18. h3 Rfe8 19. Rfd1 g5 20. Bh2 {
remis - Schleinitz,J-Lopez Espanola,B, corr WT-M-519 1991}) 10... c5 11. Ne2
Bc6 12. c3 Qh4 13. Be3 O-O-O 14. f3 d4 15. cxd4 cxd4 16. Nxd4 Bc5 17. Nc3 Ng5
$2 {i tu powstaje pytanie: czy faktycznie moj partner ma 1800 Elo? Czesto w
tych turniejach FICGS mam takich partnerow.} 18. Ncb5 Bxb5 $2 {przegrywa szybko
} (18... Ne6 19. g3 Qh5 20. Nd6+ Rxd6 21. exd6 Nxd4 22. Bxd4 $16) 19. Qc2 Ne6
20. Nxe6 {Wyniki:  1-2.Spyros,L GRE    5,5 z 6  1765          Sternik,R       
5,5       1817  3.Andersson,L USA    4          1800} 1-0

[Event "email B-120 FICGS (Sternik,R)"]
[Site "?"]
[Date "2008.??.??"]
[Round "?"]
[White "Sternik, Ryszard POL"]
[Black "Roe, Filip USA"]
[Result "1-0"]
[WhiteElo "1760"]
[BlackElo "1766"]
[PlyCount "79"]
[EventDate "1999.??.??"]

1. e4 e5 2. Nf3 Nc6 3. d4 exd4 4. Bc4 Nf6 5. e5 d5 6. Bb5 Ne4 7. Nxd4 Bd7 8.
Bxc6 bxc6 9. O-O Bc5 (9... Be7 10. f3 Nc5 11. f4 f5 $1 {najradykalniejszy
srodek przeciw grozacemu f4-f5 i jak sie okaze - wcale niezly! Gra wchodzi
obecnie w faze bardzo ciekawych komplikacji} 12. b4 Ne6 13. Nxf5 Bxb4 14. Nh6
$6 {efektowne posuniecie, ale grozne dla czarnych jedynie w przypadku
przyjecia ofiary} (14. Ng3 {to skromne bylo wskazane}) 14... Qe7 $1 {
doskonala zimnokrwista odpowiedz} (14... gxh6 $2 15. Qh5+ Ke7 16. f5) 15. Qh5+
g6 16. Qd1 Bc5+ 17. Kh1 Ng7 {Dueckstein,A-Keller, Zurich 1959 (0:1-42)}) 10. f3
Ng5 11. f4 Ne4 {bardzo czesto spotykany wariant} 12. Be3 O-O (12... Bb6 13. Nd2
Nxd2 14. Qxd2 c5 15. Nf3 d4 16. Bf2 Bc6 17. Bh4 Qd7 18. f5 Qxf5 19. Ng5 Qg6 20.
Rxf7 h6 21. Raf1 hxg5 22. Qxg5 Qxg5 23. Bxg5 Be4 24. R1f4 Bd5 25. e6 {
Sternik,R-Baciak,M, email CL-7 op 2006 (remis-51)}) 13. Nd2 Nxd2 14. Qxd2 Bb6
15. c4 (15. Nb3 f6 16. Bc5 $5 fxe5 17. fxe5 Qe7 18. Qc3 Rxf1+ 19. Rxf1 Rf8 20.
Rxf8+ Qxf8 21. Qe3 {Gurewicz,W-Kostiuk,T, Ukraina 2000 (28 +/-)}) 15... Qe7 16.
Rfc1 f6 17. c5 fxe5 $2 (17... Bxc5 18. Nxc6 Bxe3+ 19. Qxe3 Bxc6 20. Rxc6 fxe5
21. Qxe5 Qxe5 22. fxe5 Rab8 $14 {0.47}) 18. Nb3 d4 19. Bf2 Rxf4 20. cxb6 axb6 (
{albo} 20... cxb6 21. Nxd4 Rxd4 22. Bxd4 exd4 23. Qxd4 $16 {0.75}) 21. Nxd4
Rxf2 (21... Rxd4 22. Bxd4 exd4 23. Qxd4 Qd6 24. Qc4+ $16 {1.16}) 22. Qxf2 exd4
23. Qxd4 Re8 24. b4 $18 {reszta to kwestia techniki} b5 25. Qc3 Qg5 26. Re1 h6
27. Rad1 Re7 28. Rxe7 Qxe7 29. h3 (29. a3 Be6 30. Qxc6 Bb3 31. Rc1 $18) 29...
Be8 30. a3 Qe6 31. Qg3 Qe7 32. Qe1 Kf8 33. Qxe7+ Kxe7 34. Kf2 Bf7 35. Ke3 Bd5
36. g3 Be6 37. h4 Bf7 38. Kd4 Kd6 39. Rf1 Ke7 40. Rxf7+ {Wyniki:  1.Biro,
Istvan HUN    6 z 6  1800  2.Sternik,R POL        5        1760  3.Roe Filip
USA         4        1766} 1-0

[Event "email op 11-002 MAPEJK (Sternik,R)"]
[Site "?"]
[Date "2006.??.??"]
[Round "?"]
[White "Sternik, Ryszard POL"]
[Black "Camino Joaquin, Alvarez ESP"]
[Result "1/2-1/2"]
[WhiteElo "1800"]
[BlackElo "1923"]
[PlyCount "77"]
[EventDate "2002.06.01"]

1. e4 g6 2. d4 Bg7 3. c4 d6 4. Nc3 f5 5. Nf3 Nh6 6. Be2 (6. Bd3 O-O 7. Bxh6
Bxh6 8. h4 e6 9. h5 g5 10. g4 fxe4 11. Bxe4 d5 12. cxd5 exd5 13. Bxd5+ Kh8 14.
Ne5 Nd7 15. Qe2 Nxe5 16. dxe5 c6 17. Bb3 Qd4 18. e6 Bxe6 19. Bxe6 Rae8 20. O-O
Rf4 21. Rad1 Qf6 {Zlatilov,I-Ribeiro,F Andorra 1991 (1:0-34)}) 6... O-O 7. O-O
Nf7 (7... c6 8. e5 Nf7 9. exd6 Qxd6 10. c5 Qf6 11. Bc4 Kh8 12. Bf4 g5 13. Be5
Qg6 14. Re1 Nd7 15. Bxg7+ Kxg7 16. Rxe7 g4 17. Ne5 Ndxe5 18. dxe5 Qg5 19. Rc7
Kg6 20. Bxf7+ Rxf7 21. Qd6+ Kg7 22. e6 Bxe6 {
1:0 - Sinkovics,P-Zoltan,A, Budapest 17 Springs Festival 2001}) 8. exf5 Bxf5 9.
Be3 e5 (9... c6 10. Qd2 Na6 11. h3 Nc7 12. Rac1 Bd7 13. b4 e6 14. Ne4 d5 15.
Nc5 Bc8 16. Bf4 Ne8 17. Ne5 Nf6 18. b5 cxb5 19. cxb5 Nd6 20. Bd3 Nf5 21. Bxf5
exf5 22. Bh6 Ne4 23. Nxe4 Bxh6 24. Qxh6 dxe4 25. Rc3 Bd7 26. Rfc1 Rc8 27. h4
Rxc3 28. Rxc3 Be8 29. h5 Qxd4 30. hxg6 hxg6 31. Nxg6 Qxc3 32. Qxf8+ Kh7 {
remis - Chapman,R-Goodman,C, EM IECC G 1996}) 10. dxe5 dxe5 11. Qb3 Nc6 (11...
Qc8 $6 12. Rad1 Nc6 13. Nd5 Kh8 14. Bc5 Rd8 15. Rfe1 $16) 12. Qxb7 Nd4 13. Rad1
c5 14. Qa6 (14. Bxd4 exd4 15. Nd5 Re8 16. Bd3 Bg4 17. Rfe1 Bxf3 18. Rxe8+ Qxe8
19. gxf3 {to mi nie odpowiadalo}) 14... Qb6 ({moze troche lepsze} 14... e4 15.
Nxd4 cxd4 16. Rd2 Be5 17. c5 {chociaz i tak przewaga jest na stronie bialych})
15. Qa3 Rfd8 $6 (15... Qb7 16. Nd2 Rab8 17. b3 Qb4 18. Qxb4 cxb4 19. Bxd4 exd4
20. Nd5 $14) 16. Rd2 $6 (16. Bxd4 exd4 17. Nd5 Qd6 18. Bd3 Bg4 19. Be4 Re8 20.
Rde1 $16) 16... Rd7 $6 (16... Qb4 17. Qxb4 Nxe2+ 18. Nxe2 cxb4 19. b3 Bd3 20.
Rc1 {tez z przewaga bialych}) 17. Nd5 (17. Na4 $1 Qa6 18. Nxc5 Nxe2+ 19. Rxe2
Qxc4 20. Rfe1 $16) 17... Qb7 18. Re1 $5 (18. Nh4 Be4 (18... Nxe2+ 19. Rxe2 Be4
20. Bxc5 Bxd5 21. cxd5 Qxd5 22. Rfe1 e4 $14) 19. Bxd4 cxd4 20. Re1 Bxd5 21.
cxd5 Bf8 22. Qa4 $14) 18... Nd6 $6 ({albo} 18... Nc2 19. Rxc2 Bxc2 20. Bxc5 Rb8
21. b4 Be4 22. Qb3 $14) 19. b3 Rc8 (19... Ne4 {niewiele zmienia sytuacje} 20.
Rb2 Be6 21. Bxd4 cxd4 22. Bd3 Bxd5 23. cxd5 Nc3 24. Nxe5 $14) 20. Bxd4 cxd4 (
20... exd4 $2 21. Nh4 Ne4 22. Rdd1 $18) 21. Nxe5 Bxe5 22. Bf3 Qb8 23. Rxe5 Nxc4
24. Nf6+ Kh8 25. Nxd7 Bxd7 (25... Qxe5 $2 26. Nxe5 Nxa3 27. g4 Be6 28. Rxd4 Nb5
29. Rd2 {z latwa wygrana}) 26. bxc4 Qxe5 27. Rd1 Bf5 28. Qxa7 Rxc4 29. h3 $6 {
stracona okazja na wygranie} (29. g3 $1 Bc2 30. Qf7 Rc8 31. Qd7 Rc4 32. Bd5
Bxd1 33. Bxc4 Qe1+ 34. Bf1 $18) 29... h5 $6 (29... Bc2 30. Qf7 Rc8 31. Qd7 Bxd1
32. Qxc8+ Kg7 33. Qb7+ Kh6 34. Bxd1 Qe1+ 35. Kh2 Qxd1 36. Qf7 {
powstalaby bardzo ciezka koncowka}) 30. Qa8+ (30. Qf7 {czy lepsze?} Rc3 31. Bd5
Rc8 32. Bb3 d3 33. Qa7) 30... Rc8 31. Qd5 {rezygnacja z walki o wygranie} ({
mozna bylo powalczyc o wygrana} 31. Qb7 Rb8 32. Qc6 Kg7 33. a4 h4 (33... d3 $2
34. g4 Rc8 35. Qb7+ Rc7 36. Qb4 hxg4 37. hxg4 Be6 38. Rxd3 {i wygrana}) 34. a5
Qxa5 35. Qd6 Qd8 36. Qe5+ Kh7 37. Rxd4 {i biale powinny wygrac}) 31... Qxd5 32.
Bxd5 Rd8 (32... Kg7 33. a4 Kf6 34. Rxd4 Rd8 35. Rd1 Bc2 36. Rc1 Bxa4 37. Rc5 {
i biale mialyby duze trudnosci z wygrana}) 33. Bb3 Kg7 34. Kf1 h4 ({lepsze} 
34... Kf6 35. a4 Rb8 36. Bc4 Ra8 37. Bb5 Ke5 38. h4 {
mimo wszystko z szansami bialych}) 35. a4 Rb8 36. Bc4 Rb4 37. Bb5 Bc2 38. Ra1
Kf6 39. Ke2 {nie widzialem tu szans na wygrana, dlatego zaproponowalem remis. 
Zakonczylem przerwany turniej z 6,5 pkt z 10, partner mial 7,5 z 9 (bez
przegranej).  (kwiecien 2007) i zalegla z Pech 7 z 7.} 1/2-1/2